| 000 | 00641nam a22001697a 4500 | ||
|---|---|---|---|
| 008 | 230627b |||||||| |||| 00| 0 eng d | ||
| 020 | _a9780080224411 | ||
| 040 |
_aNational Science Library _cNational Science Library |
||
| 080 |
_a622.2+669(082.2) _bL8 |
||
| 245 |
_aAutomation in mining mineral and metal processing _c/ Proceedings of the Second IFAC Symposium, Johannesburg, Republic of South Africa, 13-17th Sept., 1976 |
||
| 260 |
_aPretoria: _bSouth African Council for Automation and Computation, _c1978 |
||
| 300 | _axxx, 791p. | ||
| 650 | _aScience | ||
| 653 | _aMining | ||
| 700 | _aLancaster, F H (Ed.) | ||
| 942 |
_2udc _cPR |
||
| 999 |
_c47912 _d47912 |
||